| 000 | 00780nam a2200241 a 4500 | ||
|---|---|---|---|
| 001 | BRCA_1162 | ||
| 005 | 20190320203317.0 | ||
| 008 | 940419s1993 mx-a---##b---#000-0#spa-# | ||
| 020 | _a9709103148 | ||
| 040 |
_aDLC _cDLC |
||
| 041 | _aspa | ||
| 050 | 4 |
_aNA5253 _b.C38 1993 |
|
| 245 | 1 | 0 |
_aCatedrales de México _cdirección y coordinación general, Carmen Valles Septién |
| 260 |
_a[México] _bCVS _c1993 |
||
| 300 |
_a267 p. _bil. (algunas a color) _c31 cm. |
||
| 500 | _aIncluye glosario | ||
| 504 | _aIncluye referencias bibliográficas | ||
| 650 | 1 | 4 |
_aArquitectura religiosa _zMéxico _924 |
| 650 | 1 | 4 |
_aArquitectura colonial _zMéxico _91940 |
| 650 | 1 | 4 |
_aIglesias-decoración y ornamentación _zMéxico _93841 |
| 700 | 1 |
_aValles Septién, Carmen _93842 |
|
| 942 |
_2lcc _cB |
||
| 999 |
_c1039 _d1039 |
||